000 00291nam a22001337a 4500
008 210527b ||||| |||| 00| 0 eng d
041 _aeng
080 _23rd
_a070
082 _a070
100 _a42
101 _aMED
245 _aThe Filmgoer's Companion
_cHalliwell,L
942 _2udc
_cBK
999 _c57719
_d57719